Electrical machines for technicians and technician engineers (Record no. 11506)

000 -LEADER
fixed length control field 00429nam a2200157 4500
020 ## - INTERNATIONAL STANDARD BOOK NUMBER
ISBN 0582426014
040 ## - CATALOGING SOURCE
Transcribing agency DLC
082 00 - DEWEY DECIMAL CLASSIFICATION NUMBER
Classification number 621 LON 1972 A037 Co.
100 1# - MAIN ENTRY--AUTHOR NAME
Personal name Jurek, Stefan F.
245 10 - TITLE STATEMENT
Title Electrical machines for technicians and technician engineers
260 ## - PUBLICATION, DISTRIBUTION, ETC. (IMPRINT)
Place of publication [London]
Name of publisher Longman,
Year of publication 1972.
300 ## - PHYSICAL DESCRIPTION
Number of Pages xi, 340 p.
Other physical details illus.
Dimensions 24 cm.
650 #0 - SUBJECT ADDED ENTRY--TOPICAL TERM
Topical Term Electric machinery.
650 #0 - SUBJECT ADDED ENTRY--TOPICAL TERM
Topical Term Electric transformers.
942 ## - ADDED ENTRY ELEMENTS (KOHA)
Koha item type សៀវភៅភាសាអង់គ្លេស
952 ## - LOCATION AND ITEM INFORMATION (KOHA)
Withdrawn status [LOCAL, KOHA] 0
Holdings
Permanent Location Date acquired Koha item type Lost status Shelving location Barcode Current Location Full call number
Library Block A2017-08-03សៀវភៅភាសាអង់គ្លេស A037A09873Library Block A621 LON 1972 A037 Co.
មជ្ឈមណ្ឌលឯការនៃសាកលវិទ្យាល័យភូមិន្ទកសិកម្មចំការដូង

Powered by Koha